Social media law and ethics / (Record no. 2673)

MARC details
000 -LEADER
fixed length control field 02232nam a22002657a 4500
003 - CONTROL NUMBER IDENTIFIER
control field OSt
005 - DATE AND TIME OF LATEST TRANSACTION
control field 20260513143251.0
007 - PHYSICAL DESCRIPTION FIXED FIELD--GENERAL INFORMATION
fixed length control field t|
008 - FIXED-LENGTH DATA ELEMENTS--GENERAL INFORMATION
fixed length control field 250213s2026 enk b 001 0 eng
020 ## - INTERNATIONAL STANDARD BOOK NUMBER
International Standard Book Number 9781032656762
Terms of availability RM193.86
Qualifying information paperback
040 ## - CATALOGING SOURCE
Original cataloging agency MILA_ain
Language of cataloging eng
Transcribing agency MILA
050 00 - LIBRARY OF CONGRESS CALL NUMBER
Classification number KF390.5.C6
Item number L563 2026
100 1# - MAIN ENTRY--PERSONAL NAME
Personal name Lipschultz, Jeremy Harris
245 10 - TITLE STATEMENT
Title Social media law and ethics /
Statement of responsibility, etc. Jeremy Harris Lipschultz.
250 ## - EDITION STATEMENT
Edition statement 2nd ed.
260 ## - PUBLICATION, DISTRIBUTION, ETC.
Place of publication, distribution, etc. Abingdon, Oxon [UK] :
Name of publisher, distributor, etc. Routledge, Taylor and Franics,
Date of publication, distribution, etc. 2026.
300 ## - PHYSICAL DESCRIPTION
Extent xxv, 472 p. ;
Dimensions 27 cm.
504 ## - BIBLIOGRAPHY, ETC. NOTE
Bibliography, etc. note Includes bibliographical references and index.
520 ## - SUMMARY, ETC.
Summary, etc. "In this textbook, social media professor Jeremy Harris Lipschultz introduces students to the study of social media law and ethics, integrating legal concepts and ethical theories. This second edition explores freedom of expression, as it applies to students, media industry professionals, content creators and audience members. Key issues and practices covered include copyright law, data privacy, defamation, global law and ethics, generative AI, government censorship, social media platform rules, and employer policies. The book also addresses the U.S. government TikTok law and other recent regulation. Research techniques are also used to suggest future trends in social media law and ethics. Touching on themes and topics of significant contemporary relevance, this accessible textbook can be used in standalone law and ethics courses, as well as emerging social media courses that are disrupting traditional public relations, advertising, marketing and journalism curricula. Case studies, discussion questions, and online resources help students engage with the practicalities, complexities and ambiguities of this future-oriented area of media law, making this an ideal textbook for students of media law, policy and ethics, mass media, and communication studies"-- Provided by publisher.
650 0# - SUBJECT ADDED ENTRY--TOPICAL TERM
Topical term or geographic name entry element Social media
General subdivision Law and legislation
Geographic subdivision United States
650 0# - SUBJECT ADDED ENTRY--TOPICAL TERM
Topical term or geographic name entry element Online social networks
General subdivision Law and legislation
Geographic subdivision United States
650 0# - SUBJECT ADDED ENTRY--TOPICAL TERM
Topical term or geographic name entry element Information technology
General subdivision Law and legislation
Geographic subdivision United States
650 0# - SUBJECT ADDED ENTRY--TOPICAL TERM
Topical term or geographic name entry element Social media
General subdivision Moral and ethical aspects
Geographic subdivision United States
942 ## - ADDED ENTRY ELEMENTS (KOHA)
Source of classification or shelving scheme Library of Congress Classification
Koha item type Book
Holdings
Withdrawn status Lost status Source of classification or shelving scheme Damaged status Not for loan Home library Current library Shelving location Date acquired Source of acquisition Cost, normal purchase price Total Checkouts Full call number Barcode Date last seen Cost, replacement price Price effective from Koha item type
    Library of Congress Classification     MILA University Central Library MILA University Central Library General Stacks 13/05/2026 Emo Book Services Sdn Bhd 193.86   KF390.5.C6 L563 2026 0003628 13/05/2026 193.86 13/05/2026 Book
   
  Powered by CD Solutions Sdn Bhd